Airlines at Los Angeles (2022) - Statistics

General Stats
  • This quiz has been taken 66 times
  • The average score is 35 of 69
Answer Stats
Terminal Airline % Correct
Terminal 4 American
100%
Terminal 3 Delta
100%
Tom Bradley British Airways
90%
Terminal 7 United Airlines
87%
Terminal 6 Air Canada
85%
Tom Bradley Air France
85%
Tom Bradley Air China
82%
Tom Bradley Lufthansa
82%
Tom Bradley Qantas
82%
Tom Bradley Emirates
79%
Terminal 1 Southwest Airlines
79%
Terminal 6 Alaska
77%
Terminal 5 JetBlue
77%
Terminal 3 Aeromexico
74%
Tom Bradley China Eastern
72%
Tom Bradley China Southern
72%
Tom Bradley Japan Airlines
72%
Tom Bradley Latam
72%
Tom Bradley Hawaiian
69%
Tom Bradley Iberia
69%
Tom Bradley Iberia
69%
Tom Bradley Qatar Airways
69%
Tom Bradley All Nippon
67%
Terminal 5 Spirit
67%
Tom Bradley China Airlines
64%
Tom Bradley Singapore Airlines
64%
Tom Bradley Virgin Atlantic
64%
Tom Bradley Aer Lingus
62%
Tom Bradley Aeroflot
62%
Tom Bradley Air New Zealand
62%
Tom Bradley Avianca
62%
Tom Bradley Asiana
59%
Tom Bradley Eva
59%
Tom Bradley FinnAir
59%
Tom Bradley ITA
56%
Tom Bradley Turkish Airlines
56%
Terminal 2 West Jet
54%
Tom Bradley Cathay Pacific
51%
Tom Bradley Fiji
51%
Tom Bradley Scandinavian
51%
Tom Bradley Austrian
49%
Tom Bradley Air Tahiti Nui
46%
Tom Bradley Copa
46%
Tom Bradley LOT Polish
44%
Terminal 1 Allegiant
41%
Tom Bradley Swiss International
41%
Tom Bradley Hainan
33%
Tom Bradley Volaris
33%
Terminal 1 Air Transat
31%
Tom Bradley Saudia
31%
Terminal 1 Sun Country
31%
Tom Bradley KLM Royal Dutch Airlines
28%
Tom Bradley Xiamen Air
23%
Tom Bradley Condor
21%
Terminal 1 Breeze
18%
Terminal 1 Norse
18%
Terminal 1 Vivaaerobus
18%
Tom Bradley Flair
15%
Tom Bradley Sichuan
15%
Tom Bradley Zip Air
13%
Tom Bradley Air Premia
10%
Terminal 1 Cayman
10%
Tom Bradley El Al Israel
10%
Terminal 6 Advanced Air
8%
Terminal 6 Southern Airways
5%
Tom Bradley Ethihad
3%
Terminal 6 Alaska Horizon
0%
Tom Bradley Frenchair
0%
Tom Bradley Phillipine Airlines
0%
No matching quizzes found
Score Distribution
Percent of People with Each Score
Percentile by Number Answered
Your Score History
You have not taken this quiz